000 00614nam a22001937a 4500
999 _c191968
_d191968
005 20220908105011.0
010 _aUR-11713
020 _a9789393785466
_c400.00
035 _aU-10268
037 _bDBAD/PUB
_a-
082 _a848
100 _aزھرہ خاتون
245 _aبرخی اندوختھ /
_cزھرہ خاتون
_hا ر د و
246 _aBarkhe Andokhte /
_bby Zohra Khatoon
260 _aNew Delhi
_bEducational Publishing House
_c2022 ء
270 _aH.o. D1/16, Ansari Road, Darya Ganj
_bNew Delhi
_e110002
300 _a160 ص
_c23cm(Hb)
942 _2ddc
_cUR
_h848
_mز ھ ر